| 000 | 00914cam a2200241 i 4500 | ||
|---|---|---|---|
| 003 | SA-RiAUC | ||
| 005 | 20260316122957.0 | ||
| 008 | 260226q19701979ku g 000r0 ara c | ||
| 040 |
_aSA-RiAUC _bara _cSA-RiAUC _erda |
||
| 082 | 0 | 4 | _a249.5 |
| 090 |
_aم ن 249.5 _bم ح ب |
||
| 100 | 1 |
_aمحب الدين الخطيب، محب الدين بن محمد بن عبد القادر، _d1886-1969 _eمؤلف. |
|
| 245 | 1 | 2 |
_aالبهائية / _cمحب الدين الخطيب. |
| 264 | 1 |
_aالكويت : _bمكتبة المنار، _c[بين 1970 و1979] |
|
| 300 |
_a32 صفحة ؛ _c29 سم. |
||
| 336 |
_aنص _btxt _2rdacontent _3كتاب |
||
| 337 |
_aبدون وسيط _bn _2rdamedia |
||
| 338 |
_aمجلد _bnc _2rdacarrier |
||
| 440 | 0 |
_aأضواء على الحركات الهدامة _v2 |
|
| 650 | 7 |
_aالبهائية _2aucsh |
|
| 942 |
_2ddc _cRBOOK COPY _n0 |
||
| 949 |
_aSA-JeALM _d260226 _umohamedma123 _n1 |
||
| 999 |
_c14628 _d14628 |
||